000 01003nam a2200301Ia 4500
003 GCL
005 20240530095547.0
008 140319s9999 xx 000 0 ara d
040 _aGCL /
_cGCL
082 0 4 _a363.7
_bد ا
100 1 _aدلمولينو، الكسندرا
245 1 0 _aالانسان والبيئة :
_bكوكب ذو الف وجه - الماء والاوساط المائية - التربة والهواء /
_cدلمولينو، الكسندرا
250 _aالاولى
260 _aبيروت :
_bدار عويدات للنشر والطباعة ،
_c2006
300 _a83 ص ؛
_c32 سم
490 _aبيئتنا
_v0
650 0 4 _aتلوث البيئة
650 0 4 _aالتلوث
650 0 4 _aالمناخ
650 0 4 _aالغلاف الجوى
650 0 4 _aالارض
650 0 4 _aالامطار
650 0 4 _aالتصحر
650 0 4 _aالتربة - تلوث
700 1 _aباجويه، جاكلين
700 1 _aجورج قاضى
942 _2ddc
_cBK
999 _c8376
_d8376